Scheven Countries - Statistics

General Stats
  • This quiz has been taken 7 times
  • The average score is 6 of 7
Answer Stats
Hint Answer % Correct
Country with one of the Scheven wonders of the world (a pointy building in Africa) Egypt
100%
Country near China with many circles and monks (at least scheven) Nepal
100%
Country where most people like the number Scheven United States of America
100%
The number seven was invented in the area which is now modern day...? Saudi Arabia
86%
A band formed in the 90's from this country is called Seven United Kingdom
86%
This South American country has about 7 million people Paraguay
71%
Scheventh modern country to gain sovereignty around 700 BC Sudan
43%
No matching quizzes found
Score Distribution
Percent of People with Each Score
Percentile by Number Answered
Your Score History
You have not taken this quiz